Catálogo
 En Linea

El matrimonio, ese gran sacramento / (Registro nro. 25448)

Detalles MARC
000 -CABECERA
campo de control de longitud fija 00850nam a2200241 a 4500
001 - NÚMERO DE CONTROL
campo de control 000025956
005 - FECHA Y HORA DE LA ÚLTIMA TRANSACCIÓN
campo de control 20200930024201.0
008 - DATOS DE LONGITUD FIJA--INFORMACIÓN GENERAL
campo de control de longitud fija 110224s1965 sp r 000 0 spa d
040 ## - FUENTE DE LA CATALOGACIÓN
Centro catalogador/agencia de origen DO-SdBNP
Lengua de catalogación spa
Centro/agencia transcriptor BNPHU
041 17 - CÓDIGO DE LENGUA
Código de lengua del texto/banda sonora o título independiente spa
Código de lengua original fre
Fuente del código Código de idioma MARC
082 ## - NÚMERO DE LA CLASIFICACIÓN DECIMAL DEWEY
Número de clasificación NNN
Número de documento/Ítem C129m
049 ## - FONDOS LOCALES (OCLC)
Fondos de biblioteca BNGR
100 1# - ENTRADA PRINCIPAL--NOMBRE DE PERSONA
Nombre de persona Caffarel, Henri,
Fechas asociadas al nombre 1903-1996.
9 (RLIN) 52831
240 10 - TÍTULO UNIFORME
Título uniforme Le mariage, ce grand sacrement
Lenguaje de la obra Español.
245 10 - MENCIÓN DE TÍTULO
Título El matrimonio, ese gran sacramento /
Mención de responsabilidad, etc. Henri Caffarel ; traducción por Santos Beguiristain.
260 ## - PUBLICACIÓN, DISTRIBUCIÓN, ETC.
Lugar de publicación, distribución, etc. Madrid :
Nombre del editor, distribuidor, etc. Euramérica,
Fecha de publicación, distribución, etc. [1965].
300 ## - DESCRIPCIÓN FÍSICA
Extensión 261, [7] p. ;
Dimensiones 18 cm.
490 1# - MENCIÓN DE SERIE
Mención de serie matrimonio y hogar
Designación de volumen o secuencia 26
500 ## - NOTA GENERAL
Nota general Incluye notas al pie de las páginas
534 ## - NOTA SOBRE LA VERSIÓN ORIGINAL
Encabezamiento principal del original Título original:
Mención de título del original Le mariage, ce grand sacrement
700 1# - PUNTO DE ACCESO ADICIONAL--NOMBRE DE PERSONA
Nombre de persona Beguiristain, Santos
Término indicativo de función/relación tr.
9 (RLIN) 52832
830 #0 - PUNTO DE ACCESO ADICIONAL DE SERIE-TÍTULO UNIFORME
Título uniforme matrimonio y hogar
Designación de volumen o secuencia 26
9 (RLIN) 52833

No hay ítems disponibles.

Con tecnología Koha